000 00834nam a22002417a 4500
999 _c19745
_d19745
003 AR-CdUCM
008 190227b ||||| |||| 00| 0 spa d
040 _aMUNICIPALIDAD PROVINCIAL DEL CUSCO
_cBIBLIOTECA MUNICIPAL DEL CUSCO
082 _a985.61 /
_bV66
100 _aVillanueva Urteaga, Horacio
_95790
245 _aCuzco 1689 :
_bEconomía y sociedad en el sur andino /
260 _aCusco :
_bCentro Bartolomé de las Casas,
_c1982.
300 _a508 páginas ;
_c25 cm.
440 _aArchivos de historia andina
_n2
_941295
505 _aContenido : Relación de la doctrina de Chirir por Fray Juan Rubio de Peña..
650 _aRelación de doctrinas
_941296
650 _aSicuani
_929745
650 _aYanaoca
_941297
650 _aYauri
_941298
650 _aChallabamba
_941299
942 _2ddc
_cLIBROS
945 _arcc